000 00591 a2200193 4500
001 145107
040 _cLeonardo Da Vinci
041 _aPortuguês
082 _a530 S448f
_bS448f
100 _aYOUNG, Hugh D
_aFREEDMAN, Roger A
245 _aFísica II
_btermodinâmica e ondas
250 _a12. ed
260 _bAddison Wesley
_c2015
_aSão Paulo
300 _a329
362 _a20150000
500 _aColaboração de A. Lewis Ford e Universidade AE_COMERCIALM do Texas
697 _aFísica
_aTermodinâmica
_aOndas
_aMecânica
_aEletromagnestismo
_aÓtica
_aEnsino médio
942 _cBK
999 _c145107
_d145107